[Event "FIN-chT 1112"]
[Site "Finland"]
[Date "2011.10.15"]
[Round "3.3"]
[White "Tella, Jussi"]
[Black "Virtanen, Antti"]
[Result "0-1"]
[WhiteElo "2429"]
[BlackElo "2348"]
[PlyCount "46"]
[EventDate "2011.09.17"]
[EventType "team-tourn"]
[EventRounds "11"]
[EventCountry "FIN"]
[SourceTitle "CBM 144 Extra"]
[Source "ChessBase"]
[SourceDate "2011.10.28"]
[SourceVersion "1"]
[SourceVersionDate "2011.10.28"]
[SourceQuality "1"]
[WhiteTeam "Vantaa"]
[BlackTeam "Helsinki Aatos"]
[WhiteTeamCountry "FIN"]
[BlackTeamCountry "FIN"]

1. d4 Nf6 2. Nf3 g6 3. c4 Bg7 4. Nc3 0-0 5. e4 d6 6. Be2 Na6 7. Bg5 h6 8. Bh4 g5 9. Bg3 Nh5 10. Qd2 e6 11. h4 g4 12. Nh2 f5 13. exf5 exf5 14. Nd5 c5 15. dxc5 dxc5 16. 0-0 f4 17. Nxg4 Bxg4 18. Bxg4 fxg3 19. fxg3 Nxg3 20. Rxf8+ Qxf8 21. Re1 Re8 22. Rxe8 Qxe8 23. Nf4 Bd4+ 0-1

[Event "FIN-chT 1112"]
[Site "Finland"]
[Date "2011.09.18"]
[Round "2.3"]
[White "Tella, Jussi"]
[Black "Rantanen, Yrjo A"]
[Result "1/2-1/2"]
[WhiteElo "2429"]
[BlackElo "2400"]
[PlyCount "132"]
[EventDate "2011.09.17"]
[EventType "team-tourn"]
[EventRounds "11"]
[EventCountry "FIN"]
[SourceTitle "CBM 144 Extra"]
[Source "ChessBase"]
[SourceDate "2011.10.28"]
[SourceVersion "1"]
[SourceVersionDate "2011.10.28"]
[SourceQuality "1"]
[WhiteTeam "Vantaa"]
[BlackTeam "Salo SK"]
[WhiteTeamCountry "FIN"]
[BlackTeamCountry "FIN"]

1. d4 d5 2. Nf3 Nf6 3. c4 c6 4. Nc3 a6 5. a4 e6 6. Bg5 Nbd7 7. cxd5 exd5 8. e3 Qa5 9. Bd3 Ne4 10. 0-0 h6 11. Bh4 Nxc3 12. bxc3 Qxc3 13. Re1 Bd6 14. e4 0-0 15. e5 Bb8 16. Re3 Qa5 17. Ng5 hxg5 18. Qh5 f5 19. Bxg5 Qc3 20. Rd1 Qxd4 21. Bxf5 Qxd1+ 22. Qxd1 Rxf5 23. Qh5 Nf8 24. g4 g6 25. Qh4 Rxe5 26. Rh3 Re1+ 27. Kg2 Be5 28. Bf6 Kf7 29. Bxe5 Rxe5 30. Rf3+ Bf5 31. Qh8 Rae8 32. gxf5 Rxf5 33. Rxf5+ gxf5 34. Qh5+ Ng6 35. Qxf5+ Kg7 36. Kg3 a5 37. h4 Re5 38. Qc8 Re7 39. Qd8 Rf7 40. Qxa5 Ne7 41. Qc3+ Kh7 42. Qe5 Nf5+ 43. Kg4 Nh6+ 44. Kg3 Rxf2 45. Qe6 Rf7 46. h5 Rg7+ 47. Kf3 Ng8 48. a5 Re7 49. Qf5+ Kg7 50. Qg6+ Kh8 51. Kf2 Rg7 52. Qd6 Re7 53. Kf3 Kh7 54. Qd8 Rf7+ 55. Kg3 Rg7+ 56. Kf4 Nh6 57. Ke3 Nf5+ 58. Kd3 Rg3+ 59. Kd2 Rg2+ 60. Kd3 Rg3+ 61. Kd2 Rg7 62. Qf6 Ng3 63. Qe5 Kh6 64. Qf6+ Kh7 65. Qe5 Kh6 66. Qf6+ Kh7 1/2-1/2

[Event "FIN-chT 0809"]
[Site "Finland"]
[Date "2008.10.04"]
[Round "3.3"]
[White "Tella, Jussi"]
[Black "Issakainen, Ari"]
[Result "1-0"]
[WhiteElo "2424"]
[BlackElo "2222"]
[PlyCount "87"]
[EventDate "2008.09.06"]
[EventType "team-tourn"]
[EventRounds "9"]
[EventCountry "FIN"]
[SourceTitle "EXT 2022"]
[Source "ChessBase"]
[SourceDate "2021.10.06"]
[SourceVersion "1"]
[SourceVersionDate "2021.10.06"]
[SourceQuality "1"]
[WhiteTeam "Vantaa EtVaS"]
[BlackTeam "Helsinki Aatos"]
[WhiteTeamCountry "FIN"]
[BlackTeamCountry "FIN"]

1. e4 c5 2. Nf3 e6 3. d4 cxd4 4. Nxd4 Nc6 5. Nc3 Qc7 6. Be3 a6 7. Qd2 Nf6 8. 0-0-0 Bb4 9. f3 b5 10. Nb3 Ne5 11. Qe1 Be7 12. f4 Nc4 13. e5 Ng4 14. Bd4 Bb7 15. Qg3 h5 16. h3 Nh6 17. Bd3 g6 18. Qf2 Nf5 19. Ne4 Bd5 20. Nd6+ Kf8 21. Bxf5 gxf5 22. Bc5 Bc6 23. Nxc4 bxc4 24. Bxe7+ Kxe7 25. Qc5+ Kd8 26. Qxc4 Bxg2 27. Qxc7+ Kxc7 28. Rh2 Bd5 29. c4 Bf3 30. Rd6 Rhg8 31. Nc5 Rg1+ 32. Kc2 a5 33. Rhd2 Bc6 34. Nxd7 Be4+ 35. Kc3 Rg3+ 36. Kd4 Rxh3 37. Kc5 a4 38. Nb6 Ra5+ 39. Kb4 Ra6 40. Kb5 Bb7 41. Rd7+ Kb8 42. Rxb7+ Kxb7 43. Rd7+ Kb8 44. Kxa6 1-0

[Event "FIN-chT 0506"]
[Site "Finland"]
[Date "2006.02.11"]
[Round "7.4"]
[White "Luukkonen, Tommi"]
[Black "Tella, Jussi"]
[Result "1-0"]
[WhiteElo "2252"]
[BlackElo "2426"]
[PlyCount "59"]
[EventDate "2005.09.10"]
[EventType "team-tourn"]
[EventRounds "9"]
[EventCountry "FIN"]
[SourceTitle "EXT 2022"]
[Source "ChessBase"]
[SourceDate "2021.10.06"]
[SourceVersion "1"]
[SourceVersionDate "2021.10.06"]
[SourceQuality "1"]
[WhiteTeam "Jyvaskyla JyS"]
[BlackTeam "Helsinki Velhot"]
[WhiteTeamCountry "FIN"]
[BlackTeamCountry "FIN"]

1. e4 e6 2. d4 d5 3. Nc3 Nf6 4. e5 Nfd7 5. f4 c5 6. Nf3 Nc6 7. Be3 cxd4 8. Nxd4 Bc5 9. Qd2 a6 10. 0-0-0 0-0 11. Qf2 Bb4 12. Nce2 Na5 13. Ng3 Qe8 14. Bd3 Nc4 15. Nh5 f6 16. Qh4 g6 17. Bxc4 dxc4 18. Nxf6+ Nxf6 19. exf6 Qf7 20. Nf3 Qxf6 21. Ng5 Rf7 22. f5 Bf8 23. Bd4 e5 24. Bxe5 Qxe5 25. Nxf7 Kxf7 26. Qxh7+ Qg7 27. fxg6+ Ke7 28. Qh4+ Qf6 29. Rhe1+ Be6 30. Rd7+ 1-0

[Event "Helsinki Chess Circuit-A 2nd"]
[Site "Helsinki"]
[Date "2002.03.06"]
[Round "9"]
[White "Tella, Jussi"]
[Black "Salmensuu, Olli"]
[Result "0-1"]
[WhiteElo "2440"]
[BlackElo "2428"]
[PlyCount "86"]
[EventDate "2002.02.25"]
[EventType "tourn"]
[EventRounds "11"]
[EventCountry "FIN"]
[EventCategory "4"]
[SourceTitle "CBM 086 Extra"]
[Source "ChessBase"]
[SourceDate "2002.03.14"]
[SourceVersion "1"]
[SourceVersionDate "2002.03.14"]
[SourceQuality "1"]

1. d4 Nf6 2. c4 c5 3. d5 b5 4. cxb5 a6 5. b6 e6 6. Nc3 Bb7 7. e4 exd5 8. exd5 d6 9. g4 Be7 10. Bg2 0-0 11. g5 Nfd7 12. f4 Nxb6 13. Nge2 a5 14. 0-0 Na6 15. h4 f5 16. b3 Nc7 17. Bb2 Qe8 18. Qd2 Qf7 19. Rad1 Rfe8 20. Bf3 Bf8 21. h5 Ncxd5 22. Nxd5 Bxd5 23. Bxd5 Nxd5 24. Qxd5 Qxd5 25. Rxd5 Rxe2 26. Bc3 g6 27. Rfd1 Ra6 28. hxg6 hxg6 29. R5d3 Re4 30. Rh3 Rxf4 31. Rh8+ Kf7 32. Bf6 Re4 33. Kf2 Be7 34. Rh7+ Ke8 35. Rg7 a4 36. Rh1 d5 37. bxa4 Raxa4 38. Rb1 Rxa2+ 39. Kf3 Ra3+ 40. Kf2 Ra2+ 41. Kf3 Bd6 42. Rbb7 d4 43. Rg8+ Bf8 0-1

[Event "Helsinki Chess Circuit-A 2nd"]
[Site "Helsinki"]
[Date "2002.03.03"]
[Round "6"]
[White "Molander, Riku"]
[Black "Tella, Jussi"]
[Result "0-1"]
[WhiteElo "2310"]
[BlackElo "2440"]
[PlyCount "82"]
[EventDate "2002.02.25"]
[EventType "tourn"]
[EventRounds "11"]
[EventCountry "FIN"]
[EventCategory "4"]
[SourceTitle "CBM 086 Extra"]
[Source "ChessBase"]
[SourceDate "2002.03.14"]
[SourceVersion "1"]
[SourceVersionDate "2002.03.14"]
[SourceQuality "1"]

1. e4 c5 2. c3 d6 3. d4 Nf6 4. Bd3 g6 5. h3 Bg7 6. Nf3 0-0 7. 0-0 Qc7 8. Be3 b6 9. Nbd2 Bb7 10. a4 c4 11. Bb1 Nbd7 12. Re1 e5 13. Qe2 Rac8 14. d5 a5 15. g4 h5 16. g5 Nh7 17. Nf1 Nc5 18. Bxc5 Qxc5 19. Ne3 f6 20. gxf6 Rxf6 21. Nd2 Rcf8 22. Qxc4 Ng5 23. Qxc5 bxc5 24. f3 Nxf3+ 25. Nxf3 Rxf3 26. Ba2 Rg3+ 27. Ng2 Rxh3 28. Bc4 Bh6 29. Re2 Bc8 30. Rae1 Bg4 31. Rf2 Rxf2 32. Kxf2 Rf3+ 33. Kg1 Rf8 34. Be2 Bxe2 35. Rxe2 Rb8 36. Ne1 c4 37. Kg2 Bc1 38. Nf3 Rxb2 39. Rxb2 Bxb2 40. Nd2 Bxc3 41. Nxc4 Bb4 0-1

[Event "Helsinki Chess Circuit-A 2nd"]
[Site "Helsinki"]
[Date "2002.02.28"]
[Round "4"]
[White "Seeman, Tarvo"]
[Black "Tella, Jussi"]
[Result "1/2-1/2"]
[WhiteElo "2441"]
[BlackElo "2440"]
[PlyCount "102"]
[EventDate "2002.02.25"]
[EventType "tourn"]
[EventRounds "11"]
[EventCountry "FIN"]
[EventCategory "4"]
[SourceTitle "CBM 086 Extra"]
[Source "ChessBase"]
[SourceDate "2002.03.14"]
[SourceVersion "1"]
[SourceVersionDate "2002.03.14"]
[SourceQuality "1"]

1. g3 d6 2. e4 e5 3. Bg2 g6 4. Ne2 Bg7 5. d4 Nc6 6. d5 Nce7 7. 0-0 f5 8. f4 Nf6 9. exf5 gxf5 10. fxe5 dxe5 11. c4 0-0 12. Nbc3 Kh8 13. Kh1 Bd7 14. Bg5 Qe8 15. Qd2 Qh5 16. Bf3 Qg6 17. Rae1 Rae8 18. Ng1 Neg8 19. Bd1 Nh5 20. Nf3 f4 21. Bc2 Bf5 22. Bxf5 Qxf5 23. Ne4 fxg3 24. hxg3 h6 25. Bh4 Ngf6 26. Bxf6 Nxf6 27. Nxf6 Rxf6 28. Kg2 e4 29. Nd4 Qe5 30. Rxf6 Qxf6 31. Ne6 Qf3+ 32. Kh2 Rg8 33. Qe2 Qf6 34. Nf4 Qxb2 35. Qxb2 Bxb2 36. Rxe4 Ba3 37. Re6 Kh7 38. Kh3 Bd6 39. Nh5 Rg6 40. Re8 a6 41. a4 b6 42. Rd8 Be5 43. Re8 Bd6 44. Ra8 a5 45. Re8 Bb4 46. Nf4 Rg7 47. Ne6 Rf7 48. Nd4 Re7 49. Rxe7+ Bxe7 50. Nf5 Bc5 51. g4 Kg6 1/2-1/2

[Event "Jyvaskyla We JyS op"]
[Site "Jyvaskyla"]
[Date "2002.??.??"]
[Round "3"]
[White "Arseniev, Vladimir V"]
[Black "Tella, Jussi"]
[Result "0-1"]
[WhiteElo "2335"]
[BlackElo "2440"]
[PlyCount "124"]
[EventDate "2002.03.??"]
[EventType "swiss"]
[EventRounds "5"]
[EventCountry "FIN"]
[SourceTitle "EXT 2004"]
[Source "ChessBase"]
[SourceDate "2003.11.25"]
[SourceVersion "1"]
[SourceVersionDate "2003.11.25"]
[SourceQuality "1"]

1. e4 c5 2. Nf3 d6 3. d4 cxd4 4. Nxd4 Nf6 5. f3 e6 6. c4 Be7 7. Nc3 0-0 8. Be2 a6 9. 0-0 Nbd7 10. Nc2 Qc7 11. Be3 b6 12. Rc1 Bb7 13. Qd2 Rac8 14. Rfd1 Rfd8 15. Bf1 Qb8 16. Qf2 Ba8 17. Kh1 Re8 18. Be2 Bd8 19. Nd4 Bc7 20. g4 h6 21. g5 hxg5 22. Bxg5 d5 23. cxd5 exd5 24. exd5 b5 25. Nc6 Bxc6 26. dxc6 Bb6 27. Qh4 Rxc6 28. Ne4 Rxc1 29. Bxc1 Qe5 30. Bd3 Nxe4 31. Qxe4 Qxe4 32. Bxe4 Nc5 33. Re1 Nxe4 34. fxe4 f5 35. e5 Kf7 36. Bf4 Bd4 37. b3 Ke6 38. Rd1 Bc5 39. Kg2 Be7 40. Bg3 g5 41. Rc1 f4 42. Bf2 Kxe5 43. Re1+ Kf6 44. Kf3 Kf7 45. Kg4 Bf6 46. Rxe8 Kxe8 47. a4 Kd7 48. axb5 axb5 49. Kf5 Be7 50. h3 Kc6 51. Ke4 Bc5 52. Be1 Be7 53. Bf2 Kd6 54. Bd4 Ke6 55. Bc3 Kf7 56. Bd4 Kg6 57. Bf2 Kh5 58. Kd5 g4 59. hxg4+ Kxg4 60. Ke4 Bb4 61. Bb6 Be1 62. Bc5 f3 0-1

[Event "Jyvaskyla We JyS op"]
[Site "Jyvaskyla"]
[Date "2002.??.??"]
[Round "1"]
[White "Luukkonen, Tommi"]
[Black "Tella, Jussi"]
[Result "0-1"]
[WhiteElo "2171"]
[BlackElo "2440"]
[PlyCount "68"]
[EventDate "2002.03.??"]
[EventType "swiss"]
[EventRounds "5"]
[EventCountry "FIN"]
[SourceTitle "EXT 2004"]
[Source "ChessBase"]
[SourceDate "2003.11.25"]
[SourceVersion "1"]
[SourceVersionDate "2003.11.25"]
[SourceQuality "1"]

1. e4 c5 2. Nf3 d6 3. d4 cxd4 4. Nxd4 Nf6 5. Nc3 Nc6 6. Bc4 Bd7 7. 0-0 g6 8. h3 Bg7 9. Be3 0-0 10. f4 Nxd4 11. Bxd4 b5 12. Nxb5 Nxe4 13. Re1 Nf6 14. Qd2 a6 15. Nc3 Re8 16. a4 Qc7 17. b3 e5 18. Be3 Be6 19. Bxe6 Rxe6 20. fxe5 dxe5 21. a5 Rd8 22. Bb6 Rxd2 23. Bxc7 e4 24. Rad1 Rxc2 25. Rd8+ Bf8 26. Re3 Ne8 27. Bb6 f5 28. Nd5 Rd6 29. Rxd6 Bxd6 30. b4 Rd2 31. b5 Rxd5 32. bxa6 Bc5 33. Bxc5 Rxc5 34. Rb3 Rxa5 0-1

[Event "Jyvaskyla We JyS op"]
[Site "Jyvaskyla"]
[Date "2002.??.??"]
[Round "4"]
[White "Tella, Jussi"]
[Black "Ivanov, Sergey"]
[Result "1-0"]
[WhiteElo "2440"]
[BlackElo "2194"]
[PlyCount "75"]
[EventDate "2002.03.??"]
[EventType "swiss"]
[EventRounds "5"]
[EventCountry "FIN"]
[SourceTitle "EXT 2004"]
[Source "ChessBase"]
[SourceDate "2003.11.25"]
[SourceVersion "1"]
[SourceVersionDate "2003.11.25"]
[SourceQuality "1"]

1. e4 c5 2. Nf3 Nc6 3. Bb5 g6 4. Bxc6 dxc6 5. d3 Bg7 6. Nc3 e5 7. Be3 b6 8. Qd2 h6 9. h3 Be6 10. a3 Ne7 11. b4 cxb4 12. axb4 f5 13. Qc1 Qc7 14. Ra3 Rd8 15. Qa1 Rd7 16. Bc1 fxe4 17. dxe4 0-0 18. Bb2 g5 19. Ne2 Ng6 20. 0-0 Bc4 21. Re1 Rff7 22. Ng3 Be6 23. Rae3 c5 24. b5 c4 25. Bc3 Qc5 26. Qb2 g4 27. hxg4 Bxg4 28. Nh2 Be6 29. Nf3 Bg4 30. Nh2 Be6 31. Nf3 Rd8 32. Nh5 Bh8 33. Ng3 Bg4 34. Nh2 Bd7 35. Nf5 Bxf5 36. exf5 Rxf5 37. Ng4 Kh7 38. Rg3 1-0

[Event "FIN-chT 0102"]
[Site "Finland"]
[Date "2001.11.17"]
[Round "4.3"]
[White "Puranen, Jukka"]
[Black "Tella, Jussi"]
[Result "0-1"]
[WhiteElo "2316"]
[BlackElo "2425"]
[PlyCount "82"]
[EventDate "2001.09.21"]
[EventType "team-tourn"]
[EventRounds "9"]
[EventCountry "FIN"]
[SourceTitle "EXT 2022"]
[Source "ChessBase"]
[SourceDate "2021.10.06"]
[SourceVersion "1"]
[SourceVersionDate "2021.10.06"]
[SourceQuality "1"]
[WhiteTeam "Vantaa EtVaS"]
[BlackTeam "Helsinki Garde"]
[WhiteTeamCountry "FIN"]
[BlackTeamCountry "FIN"]

1. d4 Nf6 2. Bg5 Ne4 3. Bf4 d5 4. f3 Nf6 5. Nc3 e6 6. e3 a6 7. g4 c5 8. Qd2 Nc6 9. Nge2 b5 10. Bg2 Bb7 11. 0-0 Rc8 12. Nd1 Be7 13. Nf2 a5 14. Kh1 Qb6 15. Bg3 b4 16. h4 Ba6 17. c3 a4 18. Nd3 cxd4 19. Nxd4 Nd7 20. Rfc1 bxc3 21. bxc3 Na5 22. Rab1 Qd8 23. Nb4 Bxh4 24. Bh2 Bb7 25. Qe2 Be7 26. Qb5 0-0 27. Qxa4 Nc5 28. Qd1 Nc4 29. Qe2 Bd6 30. Bxd6 Qxd6 31. Nd3 Nxd3 32. Qxd3 Ba6 33. Nb5 Qe5 34. a4 Nxe3 35. Qd4 Qg5 36. Qb6 Bxb5 37. axb5 Nxg2 38. Kxg2 h5 39. Kh3 hxg4+ 40. fxg4 Rc4 41. Qg1 f5 0-1

[Event "FIN-chT 0102"]
[Site "Finland"]
[Date "2001.10.21"]
[Round "3.2"]
[White "Issakainen, Ari"]
[Black "Tella, Jussi"]
[Result "0-1"]
[WhiteElo "2212"]
[BlackElo "2425"]
[PlyCount "70"]
[EventDate "2001.09.21"]
[EventType "team-tourn"]
[EventRounds "9"]
[EventCountry "FIN"]
[SourceTitle "EXT 2022"]
[Source "ChessBase"]
[SourceDate "2021.10.06"]
[SourceVersion "1"]
[SourceVersionDate "2021.10.06"]
[SourceQuality "1"]
[WhiteTeam "Helsinki Gaia"]
[BlackTeam "Helsinki Garde"]
[WhiteTeamCountry "FIN"]
[BlackTeamCountry "FIN"]

1. d4 d5 2. c4 c6 3. Nf3 Nf6 4. e3 a6 5. Bd3 Bg4 6. Qb3 Bxf3 7. gxf3 Ra7 8. e4 e6 9. Be3 dxc4 10. Bxc4 b5 11. Be2 Rd7 12. a4 Qa5+ 13. Nd2 Bb4 14. Ra2 Bxd2+ 15. Bxd2 Qc7 16. Qb4 Rd8 17. 0-0 e5 18. axb5 Rxd4 19. Qc3 axb5 20. Be3 Ra4 21. Rxa4 bxa4 22. Qb4 Nfd7 23. Rc1 h5 24. Qxa4 0-0 25. Qb4 Re8 26. Bc4 Nf8 27. Bc5 Nbd7 28. Bd6 Qd8 29. Rd1 Qf6 30. Qb3 Ng6 31. Bc7 Nc5 32. Qe3 Ne6 33. Bxe6 Qxe6 34. Qg5 Nf4 35. Qh4 Qg6+ 0-1

[Event "Heart of Finland op 11th"]
[Site "Jyvaskyla"]
[Date "2001.07.10"]
[Round "4"]
[White "Pirttimaki, Timo"]
[Black "Tella, Jussi"]
[Result "0-1"]
[WhiteElo "2251"]
[BlackElo "2425"]
[PlyCount "120"]
[EventDate "2001.07.??"]
[EventType "swiss"]
[EventRounds "9"]
[EventCountry "FIN"]
[SourceTitle "EXT 2002"]
[Source "ChessBase"]
[SourceDate "2001.11.25"]
[SourceVersion "1"]
[SourceVersionDate "2001.11.25"]
[SourceQuality "1"]

1. e4 c5 2. Nf3 d6 3. d4 cxd4 4. Nxd4 Nf6 5. Nc3 a6 6. Be2 e6 7. 0-0 Be7 8. f4 Nc6 9. Be3 0-0 10. Qe1 Nxd4 11. Bxd4 b5 12. Rd1 Bb7 13. e5 dxe5 14. fxe5 Ne4 15. Nxe4 Bxe4 16. c4 Bc2 17. Rd2 Bg5 18. Rxc2 Qxd4+ 19. Kh1 Qxe5 20. Bd3 Qxe1 21. Rxe1 Rad8 22. Bf1 bxc4 23. Bxc4 a5 24. g3 Bf6 25. Re4 Rd1+ 26. Kg2 Rfd8 27. Be2 R1d2 28. Rec4 Rxc2 29. Rxc2 g6 30. Rc5 Rd2 31. Kf3 Rxb2 32. Rxa5 h5 33. a4 Kg7 34. Ra7 Bd4 35. Rd7 Bg1 36. h4 Kf6 37. a5 Ra2 38. a6 Bc5 39. Bc4 Ra3+ 40. Kg2 Ra4 41. Bb5 Ra2+ 42. Kf3 Ke5 43. g4 hxg4+ 44. Kxg4 f5+ 45. Kg5 Rg2+ 46. Kh6 Kf6 47. Kh7 Rh2 48. Kg8 Rxh4 49. a7 Bxa7 50. Rxa7 g5 51. Rg7 Rb4 52. Bd7 Rb7 53. Rf7+ Ke5 54. Kg7 g4 55. Re7 Kf4 56. Kf6 e5 57. Ke6 g3 58. Kd6 e4 59. Rf7 Rxd7+ 60. Rxd7 e3 0-1

[Event "Scandic Hotels CC"]
[Site "Stockholm"]
[Date "2000.08.06"]
[Round "9"]
[White "Grabarczyk, Miroslaw"]
[Black "Tella, Jussi"]
[Result "1-0"]
[WhiteElo "2495"]
[BlackElo "2428"]
[PlyCount "85"]
[EventDate "2000.07.29"]
[EventType "tourn"]
[EventRounds "9"]
[EventCountry "SWE"]
[EventCategory "10"]
[SourceTitle "CBM 079"]
[Source "ChessBase"]
[SourceDate "2000.11.21"]
[SourceVersion "1"]
[SourceVersionDate "2000.11.21"]
[SourceQuality "1"]

1. d4 d6 2. Nf3 Bg4 3. c4 Bxf3 4. exf3 g6 5. Nc3 Bg7 6. Be2 Nc6 7. d5 Nd4 8. 0-0 Nxe2+ 9. Qxe2 Bxc3 10. bxc3 Qd7 11. Re1 Kf8 12. a4 a5 13. Be3 b6 14. Bd4 Nf6 15. Qe3 h5 16. Qf4 Qf5 17. Qxf5 gxf5 18. Bxf6 exf6 19. Re3 Re8 20. Rae1 Rxe3 21. Rxe3 h4 22. Rd3 Kg7 23. Kf1 Kg6 24. Re3 h3 25. g3 Kg7 26. Ke2 f4 27. Re7 Rc8 28. Re4 fxg3 29. fxg3 f5 30. Rh4 Re8+ 31. Kd2 Re5 32. Rxh3 b5 33. cxb5 Rxd5+ 34. Kc2 Re5 35. Rh4 Re3 36. Rc4 Rxf3 37. Rxc7 Rf2+ 38. Kb3 Rxh2 39. Rc6 d5 40. Rd6 Rh3 41. b6 Rh1 42. Ka2 Rh2+ 43. Ka3 1-0

[Event "Scandic Hotels CC"]
[Site "Stockholm"]
[Date "2000.08.04"]
[Round "7"]
[White "Wedberg, Tom"]
[Black "Tella, Jussi"]
[Result "1-0"]
[WhiteElo "2473"]
[BlackElo "2428"]
[PlyCount "57"]
[EventDate "2000.07.29"]
[EventType "tourn"]
[EventRounds "9"]
[EventCountry "SWE"]
[EventCategory "10"]
[SourceTitle "CBM 079"]
[Source "ChessBase"]
[SourceDate "2000.11.21"]
[SourceVersion "1"]
[SourceVersionDate "2000.11.21"]
[SourceQuality "1"]

1. e4 c5 2. Nf3 d6 3. d4 cxd4 4. Nxd4 Nf6 5. Nc3 a6 6. Be3 e6 7. g4 h6 8. Bg2 e5 9. Nf5 g6 10. Qe2 gxf5 11. exf5 Rg8 12. Bf3 Nc6 13. 0-0-0 Be7 14. h4 Nd4 15. Bxd4 exd4 16. Rxd4 Kf8 17. Qe3 Rh8 18. g5 hxg5 19. hxg5 Rxh1+ 20. Bxh1 Bxf5 21. gxf6 Bxf6 22. Rb4 Bg7 23. Rxb7 Qh4 24. Bd5 Bg6 25. Qf3 Qg5+ 26. Kb1 Bf6 27. a3 Bh5 28. Qd3 Bg6 29. Be4 1-0